[Event "Madrid-chT 2021"]
[Site "Madrid"]
[Date "2021.03.06"]
[Round "3.1"]
[White "Montoliu Cervero, Francisco"]
[Black "Reyes Larena, Juan"]
[Result "1/2-1/2"]
[WhiteElo "2395"]
[BlackElo "2451"]
[PlyCount "118"]
[EventDate "2021.01.24"]
[EventType "team-tourn"]
[EventRounds "14"]
[EventCountry "ESP"]
[SourceTitle "Ajedrez en Madrid"]
[Source "lmi"]
[SourceDate "2021.01.23"]
[SourceVersion "1"]
[SourceVersionDate "2021.06.08"]
[SourceQuality "1"]
[WhiteTeam "Blanco y Negro"]
[BlackTeam "San Sebastian de los Reyes"]
[WhiteTeamCountry "ESP"]
[BlackTeamCountry "ESP"]

1. e4 e5 2. Nf3 Nc6 3. Bb5 f5 4. d3 fxe4 5. dxe4 Nf6 6. Nc3 Bb4 7. Qd3 Bxc3+ 8.
Qxc3 Nxe4 9. Qc4 Nd6 10. Qd5 Nf7 11. Bc4 Qe7 12. h4 Ncd8 13. Bg5 Qb4+ 14. c3
Qxb2 15. O-O c6 16. Qd3 d5 17. Nxe5 Nxe5 18. Rae1 Ndf7 19. Bxd5 O-O 20. Bxf7+
Nxf7 21. Be7 Qb5 22. Qg3 Bf5 23. Bxf8 Rxf8 24. Re7 h5 25. Rfe1 a5 26. Rc7 a4
27. a3 Qb3 28. Ree7 Qxa3 29. Rxb7 Qc5 30. Ra7 a3 31. Qc7 Qc4 32. Rxa3 Qxh4 33.
Ra7 Qf6 34. Qf4 Bd3 35. Qe3 Bg6 36. Re6 Qf5 37. Ree7 h4 38. Rac7 Qd5 39. Qd4
Qg5 40. Kh1 h3 41. gxh3 Bf5 42. Kh2 c5 43. Qe3 Qxe3 44. fxe3 Bg6 45. e4 Rd8 46.
e5 Kf8 47. e6 Ng5 48. h4 Rd2+ 49. Kg3 Ne4+ 50. Kf4 Nxc3 51. Red7 Nd5+ 52. Ke5
Nxc7 53. Rxd2 c4 54. Rd8+ Ne8 55. Rc8 Bd3 56. Rc5 Ke7 57. Rc8 Kf8 58. Rd8 Bg6
59. Rc8 Bd3 1/2-1/2

[Event "Madrid-chT 2021"]
[Site "Madrid"]
[Date "2021.03.06"]
[Round "3.2"]
[White "Martinez Fernandez, Raul"]
[Black "Taboas Rodriguez, Daniel"]
[Result "0-1"]
[WhiteElo "2169"]
[BlackElo "2364"]
[PlyCount "134"]
[EventDate "2021.01.24"]
[EventType "team-tourn"]
[EventRounds "14"]
[EventCountry "ESP"]
[SourceTitle "Ajedrez en Madrid"]
[Source "lmi"]
[SourceDate "2021.01.23"]
[SourceVersion "1"]
[SourceVersionDate "2021.06.08"]
[SourceQuality "1"]
[WhiteTeam "San Sebastian de los Reyes"]
[BlackTeam "Blanco y Negro"]
[WhiteTeamCountry "ESP"]
[BlackTeamCountry "ESP"]

1. e4 e6 2. d4 d5 3. Nc3 Nc6 4. Nf3 Nf6 5. e5 Ne4 6. Ne2 f5 7. Ng3 Be7 8. h4
O-O 9. c3 Bd7 10. Nxe4 fxe4 11. Ng5 h6 12. Nh3 Bxh4 13. Qg4 Kh7 14. Bg5 Bxg5
15. Nxg5+ Kh8 16. f3 exf3 17. Nxf3 Ne7 18. Bd3 Nf5 19. Qh3 a6 20. O-O-O Bb5 21.
Bc2 Be2 22. Rdg1 Qe7 23. g4 Bxf3 24. gxf5 Rxf5 25. Bxf5 Bxh1 26. Qxh1 exf5 27.
Qxd5 c6 28. Qf3 Rf8 29. Kd2 f4 30. Kd3 Qe6 31. b3 Qf5+ 32. Kd2 g5 33. c4 Kg7
34. Qd3 f3 35. Qxf5 Rxf5 36. Ke3 c5 37. d5 f2 38. Rf1 Rxe5+ 39. Kxf2 h5 40. Re1
Rf5+ 41. Kg3 b5 42. Re7+ Kf8 43. Rc7 bxc4 44. bxc4 h4+ 45. Kg4 Rf4+ 46. Kxg5
Rxc4 47. Kf6 Ke8 48. Ke6 Re4+ 49. Kf5 Re2 50. Rxc5 h3 51. Rc3 h2 52. Rh3 Kd7
53. a4 Kd6 54. Kf4 Kxd5 55. Kf3 Ra2 56. Rh4 a5 57. Ke3 Ra3+ 58. Kd2 Rxa4 59.
Rxa4 h1=Q 60. Rxa5+ Kc4 61. Rf5 Qh6+ 62. Kd1 Qh3 63. Rf2 Kd3 64. Rd2+ Ke3 65.
Re2+ Kf3 66. Rc2 Qd7+ 67. Ke1 Qd4 0-1

[Event "Madrid-chT 2021"]
[Site "Madrid"]
[Date "2021.03.06"]
[Round "3.3"]
[White "Ballester Llagaria, Luis Eduardo"]
[Black "Olazagoitia Rodriguez, Jose Luis"]
[Result "1-0"]
[WhiteElo "2331"]
[BlackElo "2204"]
[PlyCount "81"]
[EventDate "2021.01.24"]
[EventType "team-tourn"]
[EventRounds "14"]
[EventCountry "ESP"]
[SourceTitle "Ajedrez en Madrid"]
[Source "lmi"]
[SourceDate "2021.01.23"]
[SourceVersion "1"]
[SourceVersionDate "2021.06.08"]
[SourceQuality "1"]
[WhiteTeam "Blanco y Negro"]
[BlackTeam "San Sebastian de los Reyes"]
[WhiteTeamCountry "ESP"]
[BlackTeamCountry "ESP"]

1. e4 d6 2. d4 Nf6 3. Nc3 e5 4. Nf3 Nbd7 5. Bc4 Be7 6. O-O O-O 7. Re1 c6 8. a4
Qc7 9. a5 h6 10. dxe5 dxe5 11. Nh4 Nc5 12. Qf3 Be6 13. Bxe6 Nxe6 14. Nf5 Kh7
15. Be3 Ng8 16. h4 Bb4 17. a6 b6 18. Red1 g6 19. Ng3 Bxc3 20. bxc3 Rad8 21. h5
Qe7 22. Rd3 Rxd3 23. cxd3 Rd8 24. Rd1 c5 25. Ne2 Nc7 26. d4 Nxa6 27. Ra1 exd4
28. cxd4 Nb4 29. dxc5 Nc2 30. Rf1 Nxe3 31. fxe3 Kg7 32. Nd4 Rd7 33. c6 Rc7 34.
Qg3 Kh7 35. Rxf7+ Qxf7 36. hxg6+ Qxg6 37. Qxc7+ Kh8 38. Qe5+ Kh7 39. c7 Qg4 40.
Qf5+ Qxf5 41. Nxf5 1-0

[Event "Madrid-chT 2021"]
[Site "Madrid"]
[Date "2021.03.06"]
[Round "3.4"]
[White "Reyes Peñas, Sebastian"]
[Black "Alarcia Astiz, Carlos"]
[Result "1/2-1/2"]
[WhiteElo "2201"]
[BlackElo "2306"]
[PlyCount "265"]
[EventDate "2021.01.24"]
[EventType "team-tourn"]
[EventRounds "14"]
[EventCountry "ESP"]
[SourceTitle "Ajedrez en Madrid"]
[Source "lmi"]
[SourceDate "2021.01.23"]
[SourceVersion "1"]
[SourceVersionDate "2021.06.08"]
[SourceQuality "1"]
[WhiteTeam "San Sebastian de los Reyes"]
[BlackTeam "Blanco y Negro"]
[WhiteTeamCountry "ESP"]
[BlackTeamCountry "ESP"]

1. e4 c6 2. d4 d5 3. exd5 cxd5 4. Bd3 Nc6 5. c3 Nf6 6. h3 g6 7. Nf3 Bf5 8. O-O
Bxd3 9. Qxd3 Bg7 10. Bf4 O-O 11. Nbd2 Rc8 12. Rfe1 e6 13. Ne5 Ne7 14. Qb5 Qb6
15. a4 Nc6 16. Nb3 Nxe5 17. Bxe5 Nd7 18. Qxb6 Nxb6 19. Bxg7 Kxg7 20. Nc5 Nc4
21. b3 Nd6 22. Re3 Rfe8 23. a5 Re7 24. f3 Nf5 25. Rd3 e5 26. Re1 exd4 27. Rxe7
Nxe7 28. cxd4 b6 29. axb6 axb6 30. Na4 b5 31. Nc5 Nf5 32. Na6 Rc1+ 33. Kh2 h5
34. h4 Kf6 35. Nb4 Ke6 36. g4 hxg4 37. fxg4 Nxh4 38. Re3+ Kd6 39. Kg3 g5 40.
Re5 Rc3+ 41. Kf2 Rf3+ 42. Ke2 Rxb3 43. Rxd5+ Ke6 44. Rxb5 Nf3 45. Rb6+ Kd7 46.
d5 Ne5 47. Rb7+ Kd6 48. Rb8 Nxg4 49. Rd8+ Kc7 50. Nc6 Nf6 51. Kf2 Rd3 52. Rf8
Ng4+ 53. Kg2 Rxd5 54. Ne7 Rd2+ 55. Kg3 Ne5 56. Rg8 Rd3+ 57. Kg2 f6 58. Rf8 Nd7
59. Re8 Kd6 60. Nf5+ Kd5 61. Ne3+ Kc6 62. Nf5 Kc7 63. Ne7 Rd6 64. Rc8+ Kb7 65.
Rd8 Rd3 66. Re8 Re3 67. Kf2 Re5 68. Kf3 Nc5 69. Kg4 Ne4 70. Kh5 Nd6 71. Rf8
Rxe7 72. Rxf6 Ne4 73. Rg6 Kc7 74. Kg4 Kd7 75. Kf5 Ke8 76. Rh6 Kf8 77. Rb6 Kf7
78. Rc6 Kg7 79. Rb6 Kf7 80. Rc6 Ke8 81. Rb6 Nc5 82. Kxg5 Kd7 83. Kf5 Re1 84.
Kf4 Ne6+ 85. Kf5 Nd4+ 86. Kf4 Nc6 87. Rb3 Kd6 88. Rd3+ Kc5 89. Re3 Rd1 90. Ke4
Kc4 91. Re2 Nd4 92. Re3 Rh1 93. Rg3 Rh8 94. Rg5 Nc6 95. Rg6 Re8+ 96. Kf4 Kd5
97. Rg5+ Kd4 98. Rb5 Re1 99. Rb3 Ne7 100. Rb4+ Kd5 101. Ra4 Rf1+ 102. Ke3 Nf5+
103. Ke2 Rh1 104. Ra5+ Ke4 105. Kd2 Rh3 106. Ra8 Rd3+ 107. Kc2 Nd4+ 108. Kb2
Rb3+ 109. Ka2 Rb7 110. Ka3 Kd3 111. Rc8 Rb6 112. Ka4 Nc6 113. Rh8 Kc4 114. Ka3
Rb3+ 115. Ka4 Rb1 116. Rh4+ Nd4 117. Ka5 Rb8 118. Ka6 Kd5 119. Rh5+ Kd6 120.
Ka5 Nb3+ 121. Ka4 Nc5+ 122. Ka3 Rb3+ 123. Ka2 Rb5 124. Ka3 Kc6 125. Rg5 Kb6
126. Rg6+ Ka5 127. Rg3 Ne4 128. Rg8 Nd6 129. Rg4 Rb1 130. Ka2 Rb7 131. Rh4 Nf5
132. Re4 Rb5 133. Ka3 1/2-1/2

[Event "Madrid-chT 2021"]
[Site "Madrid"]
[Date "2021.03.06"]
[Round "3.5"]
[White "Renteria Becerra, Jorge Elicer"]
[Black "Hernandez Ramos, Alberto"]
[Result "1/2-1/2"]
[WhiteElo "2262"]
[BlackElo "2066"]
[PlyCount "117"]
[EventDate "2021.01.24"]
[EventType "team-tourn"]
[EventRounds "14"]
[EventCountry "ESP"]
[SourceTitle "Ajedrez en Madrid"]
[Source "lmi"]
[SourceDate "2021.01.23"]
[SourceVersion "1"]
[SourceVersionDate "2021.06.08"]
[SourceQuality "1"]
[WhiteTeam "Blanco y Negro"]
[BlackTeam "San Sebastian de los Reyes"]
[WhiteTeamCountry "ESP"]
[BlackTeamCountry "ESP"]

1. e4 e5 2. Nf3 Nc6 3. Bc4 Bc5 4. d3 Nf6 5. c3 a6 6. O-O Ba7 7. Bb3 d6 8. Re1
h6 9. Nbd2 O-O 10. Nf1 Ne7 11. h3 Ng6 12. Ng3 Re8 13. Be3 Be6 14. Bxe6 Rxe6 15.
Bxa7 Rxa7 16. d4 Ra8 17. Qb3 Rb8 18. Rad1 Qc8 19. dxe5 dxe5 20. Rd2 Rb6 21. Qa4
Qe8 22. Qc2 Qe6 23. b3 Re8 24. c4 Rc6 25. Qb2 Rd6 26. Red1 Red8 27. c5 Rxd2 28.
Rxd2 Rd7 29. Qc3 Qc6 30. b4 Rxd2 31. Nxd2 h5 32. f3 Qa4 33. Qb3 Qd7 34. Nc4
Qd4+ 35. Ne3 Nf4 36. Ngf5 Qd2 37. Kh2 Ne6 38. Nc4 Qf4+ 39. g3 Qc1 40. Qd3 Qa1
41. Qd2 h4 42. Nxh4 g6 43. Kg2 Nh5 44. Ne3 Qb1 45. Ng4 Qa1 46. Kh2 c6 47. Ng2
Kg7 48. Ne1 Kg8 49. Ng2 Kg7 50. Qd6 Qxa2 51. Qxe5+ Kg8 52. Nf6+ Nxf6 53. Qxf6
Qd2 54. f4 Nd4 55. h4 Nf3+ 56. Kh3 Ng1+ 57. Kh2 Nf3+ 58. Kh3 Ng1+ 59. Kh2
1/2-1/2

[Event "Madrid-chT 2021"]
[Site "Madrid"]
[Date "2021.03.06"]
[Round "3.6"]
[White "Vega De Alba, Miguel"]
[Black "Perez Diez, Victor"]
[Result "1-0"]
[WhiteElo "1759"]
[BlackElo "2038"]
[PlyCount "69"]
[EventDate "2021.01.24"]
[EventType "team-tourn"]
[EventRounds "14"]
[EventCountry "ESP"]
[SourceTitle "Ajedrez en Madrid"]
[Source "lmi"]
[SourceDate "2021.01.23"]
[SourceVersion "1"]
[SourceVersionDate "2021.06.08"]
[SourceQuality "1"]
[WhiteTeam "San Sebastian de los Reyes"]
[BlackTeam "Blanco y Negro"]
[WhiteTeamCountry "ESP"]
[BlackTeamCountry "ESP"]

1. d4 f5 2. c4 Nf6 3. Bg5 d5 4. Bxf6 exf6 5. cxd5 Qxd5 6. Nc3 Qa5 7. e3 Be6 8.
d5 Bf7 9. Bb5+ c6 10. dxc6 Nxc6 11. Qf3 O-O-O 12. Bxc6 bxc6 13. Qxc6+ Kb8 14.
Nf3 Bd5 15. Nd4 Bc5 16. Qxd5 Qxc3+ 17. bxc3 Rxd5 18. c4 Rd7 19. Rd1 Bxd4 20.
Rxd4 Rxd4 21. exd4 Rc8 22. Kd2 Rxc4 23. Kd3 Ra4 24. Rc1 Rxa2 25. Kc4 Ra6 26.
Kd5 Rb6 27. Re1 a5 28. Kc5 Ka7 29. d5 Rb8 30. d6 a4 31. d7 a3 32. Kd6 a2 33.
Ra1 Kb6 34. Rxa2 Rh8 35. Rb2+ 1-0

[Event "Madrid-chT 2021"]
[Site "Madrid"]
[Date "2021.03.07"]
[Round "3.1"]
[White "Vazquez Igarza, Renier"]
[Black "Herrera, Irisberto"]
[Result "1-0"]
[WhiteElo "2557"]
[BlackElo "2420"]
[PlyCount "99"]
[EventDate "2021.01.24"]
[EventType "team-tourn"]
[EventRounds "14"]
[EventCountry "ESP"]
[SourceTitle "Ajedrez en Madrid"]
[Source "lmi"]
[SourceDate "2021.01.23"]
[SourceVersion "1"]
[SourceVersionDate "2021.06.08"]
[SourceQuality "1"]
[WhiteTeam "Collado Villalba"]
[BlackTeam "Capablanca"]
[WhiteTeamCountry "ESP"]
[BlackTeamCountry "ESP"]

1. Nf3 Nf6 2. d4 g6 3. c4 Bg7 4. g3 c6 5. Bg2 d5 6. b3 O-O 7. O-O Ne4 8. Bb2
Nd7 9. Na3 e6 10. Nc2 a5 11. Nd2 f5 12. Nxe4 fxe4 13. Ne3 Nf6 14. f3 Bh6 15.
Bc1 exf3 16. exf3 Bg7 17. Rb1 a4 18. Re1 axb3 19. axb3 Bd7 20. Nc2 dxc4 21.
bxc4 b5 22. Ne3 Qa5 23. Bd2 Qa4 24. Bb4 Qxd1 25. Rexd1 Rfe8 26. Bd6 Ra4 27. Bf1
bxc4 28. Nxc4 Nd5 29. Rb3 Rd8 30. Bc5 Bf8 31. Re1 Bg7 32. Rb7 Bc8 33. Rb8 Bf6
34. Ne5 Bxe5 35. dxe5 Kf7 36. Bd6 Ke8 37. Reb1 Ra7 38. h4 Bd7 39. Bd3 Ra8 40.
R8b7 Nc3 41. Rc1 Nb5 42. h5 Nxd6 43. exd6 Ra3 44. hxg6 hxg6 45. Bxg6+ Kf8 46.
Be4 Be8 47. Rd1 Bd7 48. Kf2 c5 49. Rh1 Ra2+ 50. Ke3 1-0

[Event "Madrid-chT 2021"]
[Site "Madrid"]
[Date "2021.03.07"]
[Round "3.2"]
[White "Bolado Saez, Sergio"]
[Black "Pulvett Marin, Daniel Eduardo"]
[Result "1/2-1/2"]
[WhiteElo "2355"]
[BlackElo "2487"]
[PlyCount "46"]
[EventDate "2021.01.24"]
[EventType "team-tourn"]
[EventRounds "14"]
[EventCountry "ESP"]
[SourceTitle "Ajedrez en Madrid"]
[Source "lmi"]
[SourceDate "2021.01.23"]
[SourceVersion "1"]
[SourceVersionDate "2021.06.08"]
[SourceQuality "1"]
[WhiteTeam "Capablanca"]
[BlackTeam "Collado Villalba"]
[WhiteTeamCountry "ESP"]
[BlackTeamCountry "ESP"]

1. d4 Nf6 2. Bf4 d5 3. e3 c5 4. Nd2 Qb6 5. Ngf3 Nc6 6. dxc5 Qxb2 7. Rb1 Qc3 8.
Bb5 e6 9. O-O Bxc5 10. Be5 Qa3 11. c4 Be7 12. Qc2 O-O 13. Bb2 Qd6 14. Rbd1 a6
15. Ba4 b5 16. cxb5 axb5 17. Bb3 e5 18. Ne4 Nxe4 19. Bxd5 Nb4 20. Qxe4 Nxd5 21.
Bxe5 Qe6 22. Qxd5 Rxa2 23. e4 b4 1/2-1/2

[Event "Madrid-chT 2021"]
[Site "Madrid"]
[Date "2021.03.07"]
[Round "3.3"]
[White "Martin Duque, Jesus"]
[Black "Tejedo Meneses, Alvaro"]
[Result "1-0"]
[WhiteElo "2454"]
[BlackElo "2052"]
[PlyCount "83"]
[EventDate "2021.01.24"]
[EventType "team-tourn"]
[EventRounds "14"]
[EventCountry "ESP"]
[SourceTitle "Ajedrez en Madrid"]
[Source "lmi"]
[SourceDate "2021.01.23"]
[SourceVersion "1"]
[SourceVersionDate "2021.06.08"]
[SourceQuality "1"]
[WhiteTeam "Collado Villalba"]
[BlackTeam "Capablanca"]
[WhiteTeamCountry "ESP"]
[BlackTeamCountry "ESP"]

1. e4 c5 2. Nf3 d6 3. d4 cxd4 4. Nxd4 Nf6 5. Nc3 a6 6. Rg1 Nc6 7. Nb3 b5 8. g4
Bb7 9. g5 Nd7 10. Be3 e6 11. f4 Be7 12. Bd3 Qc7 13. Qe2 Nc5 14. Nxc5 dxc5 15.
Qf2 Nb4 16. Bf1 Rd8 17. Bg2 Rd7 18. a3 Nc6 19. e5 Nd4 20. Bxb7 Qxb7 21. O-O-O
Qc6 22. Kb1 Nf5 23. Rxd7 Kxd7 24. Bc1 Kc7 25. Re1 Rd8 26. Ne4 Rd4 27. Qe2 Qd7
28. Qh5 Qc6 29. Ng3 Nxg3 30. hxg3 g6 31. Qxh7 Qe8 32. g4 Kb6 33. f5 Rxg4 34.
fxe6 fxe6 35. Qh3 Rd4 36. Qxe6+ Kb7 37. Rh1 Qd7 38. Qxg6 Rd1 39. Rxd1 Qxd1 40.
Qf7 Qd8 41. g6 Kc6 42. g7 1-0

[Event "Madrid-chT 2021"]
[Site "Madrid"]
[Date "2021.03.07"]
[Round "3.4"]
[White "Porras Fernandez, Alberto"]
[Black "Suarez Uriel, Adrian"]
[Result "0-1"]
[WhiteElo "1916"]
[BlackElo "2376"]
[PlyCount "54"]
[EventDate "2021.01.24"]
[EventType "team-tourn"]
[EventRounds "14"]
[EventCountry "ESP"]
[SourceTitle "Ajedrez en Madrid"]
[Source "lmi"]
[SourceDate "2021.01.23"]
[SourceVersion "1"]
[SourceVersionDate "2021.06.08"]
[SourceQuality "1"]
[WhiteTeam "Capablanca"]
[BlackTeam "Collado Villalba"]
[WhiteTeamCountry "ESP"]
[BlackTeamCountry "ESP"]

1. e4 c5 2. Nf3 Nc6 3. d4 cxd4 4. Nxd4 g6 5. Nc3 Bg7 6. Be3 Nf6 7. Bc4 O-O 8.
O-O Nxe4 9. Nxe4 d5 10. Nxc6 bxc6 11. Bd3 dxe4 12. Bxe4 Qc7 13. c3 f5 14. Bc2
f4 15. Bb3+ Kh8 16. Bd4 e5 17. Bc5 Rd8 18. Qe2 Bf5 19. Rfd1 e4 20. Qc4 h5 21.
Bc2 Qe5 22. Re1 e3 23. Bxf5 Qxf5 24. fxe3 f3 25. gxf3 Rd2 26. Be7 Qxf3 27. Qf1
Qg4+ 0-1

[Event "Madrid-chT 2021"]
[Site "Madrid"]
[Date "2021.03.07"]
[Round "3.5"]
[White "Zhou, Lulu"]
[Black "Fernandez Rosado, Roberto"]
[Result "0-1"]
[WhiteElo "2087"]
[BlackElo "2081"]
[PlyCount "106"]
[EventDate "2021.01.24"]
[EventType "team-tourn"]
[EventRounds "14"]
[EventCountry "ESP"]
[SourceTitle "Ajedrez en Madrid"]
[Source "lmi"]
[SourceDate "2021.01.23"]
[SourceVersion "1"]
[SourceVersionDate "2021.06.08"]
[SourceQuality "1"]
[WhiteTeam "Collado Villalba"]
[BlackTeam "Capablanca"]
[WhiteTeamCountry "ESP"]
[BlackTeamCountry "ESP"]

1. e4 e5 2. Nf3 Nc6 3. Bb5 a6 4. Ba4 Nf6 5. O-O b5 6. Bb3 Be7 7. Re1 d6 8. c3
Na5 9. Bc2 c5 10. h3 Nc6 11. d4 O-O 12. d5 Nb8 13. a4 Bb7 14. Qe2 Qb6 15. Na3
Nbd7 16. Be3 bxa4 17. Nc4 Qc7 18. Rxa4 Ne8 19. Na5 Nb6 20. Ra3 f5 21. Nxb7 fxe4
22. Bxe4 Qxb7 23. c4 g6 24. Bb1 Ng7 25. h4 Nh5 26. Rb3 Rab8 27. Bg5 Qd7 28.
Bxe7 Qxe7 29. Ng5 Nf4 30. Qe4 Qd7 31. Rg3 Rf6 32. h5 Nxh5 33. Rh3 Rf4 34. Qe2
Qg4 35. Qxg4 Rxg4 36. Ne4 Kg7 37. g3 Nxc4 38. f3 Rxe4 39. fxe4 Rxb2 40. Bd3 Nd2
41. g4 Nf4 42. Rhe3 Nb3 43. Bxa6 Nd4 44. Rf1 Rg2+ 45. Kh1 Rxg4 46. Bc8 Rh4+ 47.
Kg1 Nde2+ 48. Kf2 Rh2+ 49. Ke1 Nd4 50. Kd1 Ra2 51. Ree1 Nb3 52. Re3 Rd2+ 53.
Ke1 Ng2# 0-1

[Event "Madrid-chT 2021"]
[Site "Madrid"]
[Date "2021.03.07"]
[Round "3.6"]
[White "Matesanz Bonastre, Rafael"]
[Black "Ruiz Buendia, Miguel"]
[Result "1-0"]
[WhiteElo "1906"]
[BlackElo "2057"]
[PlyCount "85"]
[EventDate "2021.01.24"]
[EventType "team-tourn"]
[EventRounds "14"]
[EventCountry "ESP"]
[SourceTitle "Ajedrez en Madrid"]
[Source "lmi"]
[SourceDate "2021.01.23"]
[SourceVersion "1"]
[SourceVersionDate "2021.06.08"]
[SourceQuality "1"]
[WhiteTeam "Capablanca"]
[BlackTeam "Collado Villalba"]
[WhiteTeamCountry "ESP"]
[BlackTeamCountry "ESP"]

1. d4 Nf6 2. c4 g6 3. Nc3 d5 4. cxd5 Nxd5 5. e4 Nxc3 6. bxc3 Bg7 7. Nf3 c5 8.
Rb1 Nc6 9. d5 Ne5 10. Nxe5 Bxe5 11. Bb5+ Bd7 12. O-O a6 13. Bxd7+ Qxd7 14. Bh6
b5 15. Qd2 c4 16. Kh1 Rd8 17. f4 Bc7 18. Qd4 f6 19. h3 Rg8 20. Rbe1 e5 21. Qf2
Qd6 22. Qh4 Qe7 23. fxe5 Bxe5 24. Bd2 a5 25. Rb1 Rb8 26. Bf4 Rb6 27. Bxe5 fxe5
28. Qg4 Kd8 29. d6 Qg7 30. Qe6 Re8 31. Qd5 Qb7 32. d7 Qxd7 33. Qa8+ Ke7 34.
Qxa5 Qc6 35. Rbd1 Ke6 36. Rd5 Re7 37. Qb4 Rbb7 38. Qb2 Red7 39. Qd2 Rf7 40. Rd1
Rbd7 41. Qg5 Qc7 42. Qg4+ Rf5 43. Rxd7 1-0

[Event "Madrid-chT 2021"]
[Site "Madrid"]
[Date "2021.03.06"]
[Round "3.1"]
[White "Valles Moreno, Ivan"]
[Black "Elissalt Cardenas, Hector"]
[Result "1-0"]
[WhiteElo "2412"]
[BlackElo "2279"]
[PlyCount "69"]
[EventDate "2021.01.24"]
[EventType "team-tourn"]
[EventRounds "14"]
[EventCountry "ESP"]
[SourceTitle "Ajedrez en Madrid"]
[Source "lmi"]
[SourceDate "2021.01.23"]
[SourceVersion "1"]
[SourceVersionDate "2021.06.08"]
[SourceQuality "1"]
[WhiteTeam "Villalba 64"]
[BlackTeam "Tajamar"]
[WhiteTeamCountry "ESP"]
[BlackTeamCountry "ESP"]

1. Nf3 d5 2. g3 Nf6 3. Bg2 c6 4. O-O g6 5. d3 Bg7 6. Nbd2 O-O 7. e4 dxe4 8.
dxe4 Na6 9. Qe2 Qa5 10. e5 Nd5 11. Nb3 Qc7 12. Re1 Rd8 13. Nfd4 c5 14. Nb5 Qb6
15. Bd2 Ndb4 16. a4 Bd7 17. c4 Rab8 18. Rad1 Bf5 19. a5 Qe6 20. Nxc5 Nxc5 21.
Bxb4 Nd3 22. Bd5 Rxd5 23. cxd5 Qxd5 24. g4 Qxb5 25. gxf5 Qxb4 26. Rxd3 Qxa5 27.
fxg6 hxg6 28. Qe4 Qb5 29. b3 Rc8 30. Rde3 e6 31. Qf4 Qc6 32. h4 Qc2 33. Rf3 Qf5
34. Qxf5 exf5 35. Rd3 1-0

[Event "Madrid-chT 2021"]
[Site "Madrid"]
[Date "2021.03.06"]
[Round "3.2"]
[White "Ingunza Curro, Andres"]
[Black "Garcia Luengo, Leandro"]
[Result "1/2-1/2"]
[WhiteElo "2264"]
[BlackElo "2350"]
[PlyCount "46"]
[EventDate "2021.01.24"]
[EventType "team-tourn"]
[EventRounds "14"]
[EventCountry "ESP"]
[SourceTitle "Ajedrez en Madrid"]
[Source "lmi"]
[SourceDate "2021.01.23"]
[SourceVersion "1"]
[SourceVersionDate "2021.06.08"]
[SourceQuality "1"]
[WhiteTeam "Tajamar"]
[BlackTeam "Villalba 64"]
[WhiteTeamCountry "ESP"]
[BlackTeamCountry "ESP"]

1. e4 c5 2. Nf3 Nc6 3. d4 cxd4 4. Nxd4 g6 5. c4 Nf6 6. Nc3 Nxd4 7. Qxd4 d6 8.
Be2 Bg7 9. Be3 O-O 10. Qd2 a5 11. O-O a4 12. Bd4 Qa5 13. Rad1 Bd7 14. Qe3 Bc6
15. Nd5 Bxd5 16. exd5 Qc7 17. Rfe1 Rfe8 18. Bb6 Qc8 19. c5 Nd7 20. Bb5 dxc5 21.
Bxd7 Qxd7 22. Bxc5 Bf6 23. Ba3 Rad8 1/2-1/2

[Event "Madrid-chT 2021"]
[Site "Madrid"]
[Date "2021.03.06"]
[Round "3.3"]
[White "Sanchez Gonzalez, Sergio"]
[Black "Mkrtchyan, Levon"]
[Result "1-0"]
[WhiteElo "2281"]
[BlackElo "2213"]
[PlyCount "87"]
[EventDate "2021.01.24"]
[EventType "team-tourn"]
[EventRounds "14"]
[EventCountry "ESP"]
[SourceTitle "Ajedrez en Madrid"]
[Source "lmi"]
[SourceDate "2021.01.23"]
[SourceVersion "1"]
[SourceVersionDate "2021.06.08"]
[SourceQuality "1"]
[WhiteTeam "Villalba 64"]
[BlackTeam "Tajamar"]
[WhiteTeamCountry "ESP"]
[BlackTeamCountry "ESP"]

1. Nf3 Nf6 2. d4 c5 3. d5 b5 4. Bg5 d6 5. a4 b4 6. c3 bxc3 7. Nxc3 g6 8. e4 Bg7
9. e5 dxe5 10. Bb5+ Bd7 11. Nxe5 O-O 12. O-O a6 13. Bxd7 Nfxd7 14. d6 Bf6 15.
Nxd7 Nxd7 16. dxe7 Bxe7 17. Bxe7 Qxe7 18. Re1 Qd8 19. Ne4 Ra7 20. Qd5 Qb6 21.
b3 Rb8 22. Rad1 Rc7 23. Qg5 f6 24. Qd5+ Kg7 25. Nd6 Ne5 26. a5 Qc6 27. f4 Nf7
28. Qxc6 Rxc6 29. Re7 Rf8 30. Ne8+ Kg8 31. Rdd7 f5 32. Nc7 Rd6 33. Nd5 Rxd7 34.
Nf6+ Kg7 35. Nxd7 Rc8 36. Ne5 Rf8 37. Ra7 Kg8 38. Rxa6 Nxe5 39. fxe5 Re8 40. e6
Kg7 41. Rc6 Rb8 42. a6 Rxb3 43. a7 Ra3 44. e7 1-0

[Event "Madrid-chT 2021"]
[Site "Madrid"]
[Date "2021.03.06"]
[Round "3.4"]
[White "Rodriguez Lopez, David"]
[Black "Perdomo Araujo, Angel Eduardo"]
[Result "1/2-1/2"]
[WhiteElo "2149"]
[BlackElo "2018"]
[PlyCount "123"]
[EventDate "2021.01.24"]
[EventType "team-tourn"]
[EventRounds "14"]
[EventCountry "ESP"]
[SourceTitle "Ajedrez en Madrid"]
[Source "lmi"]
[SourceDate "2021.01.23"]
[SourceVersion "1"]
[SourceVersionDate "2021.06.08"]
[SourceQuality "1"]
[WhiteTeam "Tajamar"]
[BlackTeam "Villalba 64"]
[WhiteTeamCountry "ESP"]
[BlackTeamCountry "ESP"]

1. e4 d5 2. exd5 Qxd5 3. Nf3 Bg4 4. Be2 c6 5. O-O Nf6 6. d4 e6 7. c4 Qd6 8. h3
Bxf3 9. Bxf3 Nbd7 10. Nc3 Be7 11. Be3 O-O 12. Qb3 Qb4 13. Qxb4 Bxb4 14. Ne2 e5
15. Ng3 Rfe8 16. dxe5 Nxe5 17. Be2 Bd6 18. Rfd1 Nxc4 19. Bxc4 Bxg3 20. Bxa7
Rxa7 21. fxg3 Ra5 22. Re1 Rae5 23. Rxe5 Rxe5 24. Rd1 Kf8 25. Rd8+ Re8 26. Rxe8+
Nxe8 27. Kf2 Nd6 28. Bd3 Ke7 29. Ke3 c5 30. a4 Ke6 31. b3 h6 32. Kd2 f5 33. Kc3
Kd5 34. g4 Ne4+ 35. Kc2 f4 36. a5 Kd4 37. Be2 Nc3 38. Bf3 Nd5 39. Bxd5 Kxd5 40.
Kc3 Ke4 41. Kc4 Ke3 42. Kxc5 Kf2 43. Kb6 Kxg2 44. Kxb7 f3 45. a6 f2 46. a7 f1=Q
47. a8=Q Kxh3 48. Qa4 Qg2+ 49. Ka7 Qxg4 50. Qxg4+ Kxg4 51. b4 h5 52. b5 h4 53.
b6 h3 54. b7 h2 55. b8=Q h1=Q 56. Qc8+ Kg5 57. Qc5+ Kg6 58. Qd6+ Kf7 59. Qd7+
Kg8 60. Qc8+ Kh7 61. Qf5+ Kg8 62. Qc8+ 1/2-1/2

[Event "Madrid-chT 2021"]
[Site "Madrid"]
[Date "2021.03.06"]
[Round "3.5"]
[White "Gutierrez Diaz, Pablo"]
[Black "Martinez Aragon, Aitor"]
[Result "1-0"]
[WhiteElo "1879"]
[BlackElo "2049"]
[PlyCount "93"]
[EventDate "2021.01.24"]
[EventType "team-tourn"]
[EventRounds "14"]
[EventCountry "ESP"]
[SourceTitle "Ajedrez en Madrid"]
[Source "lmi"]
[SourceDate "2021.01.23"]
[SourceVersion "1"]
[SourceVersionDate "2021.06.08"]
[SourceQuality "1"]
[WhiteTeam "Villalba 64"]
[BlackTeam "Tajamar"]
[WhiteTeamCountry "ESP"]
[BlackTeamCountry "ESP"]

1. e4 c5 2. Nf3 e6 3. c4 Nc6 4. d4 cxd4 5. Nxd4 Nf6 6. Nc3 Bb4 7. Nxc6 bxc6 8.
Bd3 e5 9. O-O Bxc3 10. bxc3 c5 11. f4 d6 12. fxe5 dxe5 13. Bg5 Qd6 14. Bc2 Qxd1
15. Raxd1 Be6 16. Rxf6 gxf6 17. Bxf6 Rg8 18. Ba4+ Kf8 19. Bxe5 Rg4 20. Bc6 Rc8
21. Bb7 Re8 22. Bc6 Rc8 23. Bb7 Re8 24. Bd6+ Kg8 25. Bxc5 Rb8 26. Bd5 Rb2 27.
Bf2 Rxa2 28. c5 Rc2 29. c4 Bxd5 30. exd5 Rgxc4 31. Be3 Rxc5 32. d6 Rc8 33. d7
Kg7 34. dxc8=Q Rxc8 35. Bxa7 Rc6 36. Rd5 Ra6 37. Bd4+ Kg6 38. g4 Ra2 39. h4 h6
40. h5+ Kh7 41. Rd8 f6 42. Rd7+ Kg8 43. Bxf6 Ra6 44. Bd4 Ra4 45. g5 Ra5 46. g6
Rg5+ 47. Kf2 1-0